000 00934nam a22002297a 4500
005 20180223125200.0
010 _a1617EN ENG-117073 B-663967
020 _a9788174791573
_c850.00
035 _aB-648180-184
035 _aEN-100605
035 _aB-663967
037 _adpl
_bPansy
082 _a810
245 _aPersonality development in Sanskrit literataure /
_cedited by K.B. Archak
260 _aNew Delhi
_bKaveri Books
_c2014
270 _a4832/24, Ansari Road,
_bNew Delhi
_e110002
300 _axii,268p.
_c23cm(Hb)
700 _aArchak, K.B.
942 _2ddc
_cEN
_mPER
_h810
999 _c102345
_d102345